000 00519nam a2200181Ia 4500
999 _c14361
_d14361
003 OSt
005 20201021095256.0
008 190216s9999||||xx |||||||||||||| ||und||
020 _a9780140380873
040 _coclc
082 _a398.20954
_bNAT/I
100 _aNath, Pratibha
_95995
245 0 _aIndian Folk Tales And Legends /
_cPratibha Nath
260 _bPuffin Books ,
_aNew Delhi:
_c1995.
300 _a170p
650 _aEnglish
942 _cBK
_2ddc
_h398.20954
_iNAT/I
_k398.20954
_mNAT/I